000 00647nam a2200205Ia 4500
003 GCL
008 140319s9999 xx 000 0 ara d
040 _aGCL /
_cGCL
082 0 4 _a953
_bش خ
100 1 _aجميل بيضون
245 1 0 _aالخلافة الاسلامية حتى القرن الرابع الهجرى /
_cجميل بيضون
700 1 _aشحاته الناطور
700 1 _aاحمد عويدات
260 _a[S.N] :
_bدار الثقافة للنشر والتوزيع ،
_c1990
300 _a374 ص
490 _a
650 0 4 _aالاسلام ونظام الحكم
650 0 4 _aالخلافة
942 _2ddc
_cBK
999 _c50758
_d50758